000 00493nam a2200205Ia 4500
003 OSt
005 20230418093859.0
008 210423s2011 xx 000 0 und d
020 _a9780415995696
040 _cAL
041 _aeng
082 _a771
_223
_bELKJ
100 _aELKINS (James).
_989692
245 _aWhat photography is.
260 _aNew York
_bRoutledge
_c2011
300 _axiii,222
_bPB
365 _b1851
_cINR
906 _ais. ; photography ; What
942 _2ddc
_cBK
999 _c160616
_d160616